000 00758nam a22002651c 4500
001 a987674510
008 150930s1986 gw |||| 000u ger d
020 _a3486497847
_93-486-49784-7
041 _ager
100 1 _aSchöllgen, Gregor
245 0 4 _aDas Zeitalter des Imperialismus /
_cvon Gregor Schöllgen
250 _a4. Aufl.
264 _aMünchen :
_bOldenbourg,
_c1986
300 _aIX, 277 S.
648 0 _a1881-1918
_914045
650 0 _aKolonialismus
650 0 _aImperialismus
650 0 _aWeltkrieg <1914-1918>
_9130
651 0 _aEuropa
942 _cMG
040 _cRU-10907106
003 RU-10907106
999 _c36887
_d36887
490 0 _aOldenbourg-Grundriß der Geschichte
_v15
530 _aDas Buch ist auch als E-Book im DHI-Lesesaal zugänglich